A descriptive catalogue of the oriental manuscripts in the Durgah Library, Uch Sharif Gilani, Bahawalpur State. (Record no. 84529)

MARC details
000 -LEADER
fixed length control field 00925cam a22002771 4500
001 - CONTROL NUMBER
control field sa 68012437
003 - CONTROL NUMBER IDENTIFIER
control field DLC
005 - DATE AND TIME OF LATEST TRANSACTION
control field 20260227112610.0
008 - FIXED-LENGTH DATA ELEMENTS--GENERAL INFORMATION
fixed length control field 711115s1961 pk bc 00000 eng
010 ## - LIBRARY OF CONGRESS CONTROL NUMBER
LC control number sa 68012437 //r912
025 ## - OVERSEAS ACQUISITION NUMBER
Overseas acquisition number PL480:P-E-1349
040 ## - CATALOGING SOURCE
Original cataloging agency DLC
Transcribing agency DLC
Modifying agency DLC
041 0# - LANGUAGE CODE
Language code of text/sound track or separate title engaraper
043 ## - GEOGRAPHIC AREA CODE
Geographic area code a-pk---
050 00 - LIBRARY OF CONGRESS CALL NUMBER
Classification number Z6621.D8684
Item number S27 1961
100 10 - MAIN ENTRY--PERSONAL NAME
Personal name Sarwar, Ghulam,
Titles and words associated with a name Dr.
245 12 - TITLE STATEMENT
Title A descriptive catalogue of the oriental manuscripts in the Durgah Library, Uch Sharif Gilani, Bahawalpur State.
260 0# - PUBLICATION, DISTRIBUTION, ETC.
Place of publication, distribution, etc. Bahawalpur,
Name of publisher, distributor, etc. Urdu Academy
Date of publication, distribution, etc. [1961]
300 ## - PHYSICAL DESCRIPTION
Extent xiv, 219 p.
Dimensions 22 cm.
350 ## - PRICE (NR) (BK AM CF MU VM SE) [OBSOLETE]
Price Rs3
490 0# - SERIES STATEMENT
Series statement [Silsilat maṭbūʻāt Urdū Akādimī, bi-Hāwal Pūr]
500 ## - GENERAL NOTE
General note Cover title: Manuscripts, Gilani Library, Uch.
500 ## - GENERAL NOTE
General note Arabic, English or Persian.
650 #0 - SUBJECT ADDED ENTRY--TOPICAL TERM
Topical term or geographic name entry element Manuscripts, Oriental
Geographic subdivision Bahāwalpur, Pakistan (State)
General subdivision Catalogs.
710 20 - ADDED ENTRY--CORPORATE NAME
Corporate name or jurisdiction name as entry element Durgah Library.

No items available.

Powered by Koha